[Event "Tradewise Gibraltar Masters 14th"]
[Site "Gibraltar"]
[Date "2016.02.01"]
[Round "7.72"]
[White "Saber, Yasser"]
[Black "Nagy, Gabor"]
[Result "0-1"]
[WhiteElo "2230"]
[BlackElo "2413"]
[PlyCount "102"]
[EventDate "2016.01.26"]
[EventType "swiss"]
[EventRounds "10"]
[EventCountry "GGB"]
[Source "www.saund.co.uk"]
[SourceDate "2005.02.07"]

1. d4 Nf6 2. Nf3 c5 3. d5 e6 4. c4 d6 5. Nc3 exd5 6. cxd5 g6 7. h3 Qe7 8. e4 a6
9. Bd3 Nbd7 10. Bf4 Bg7 11. O-O O-O 12. Bh2 b5 13. Re1 Re8 14. Qd2 Qf8 15. Rad1
Nh5 16. Ne2 Bb7 17. g4 Nhf6 18. Nc3 c4 19. Bc2 Nc5 20. a3 Nfd7 21. Kg2 Rab8 22.
Nd4 Ne5 23. Bxe5 dxe5 24. Nc6 Bxc6 25. dxc6 Rbc8 26. c7 Rxc7 27. a4 Rb8 28. Nd5
Rcb7 29. a5 Ne6 30. Nb4 Ra8 31. Kh1 Nd4 32. Qc3 Qc5 33. f4 exf4 34. e5 Nxc2 35.
Nxc2 Re7 36. Qf3 Rae8 37. Rd5 Qc7 38. Red1 Bxe5 39. Nb4 Bxb2 40. R5d2 Re1+ 41.
Kg2 Qc5 42. Rxe1 Rxe1 43. Qf2 Qxf2+ 44. Kxf2 Bc3 45. Rd8+ Kg7 46. Nc6 Re3 47.
Ra8 Be1+ 48. Kf1 Bh4 49. g5 Bxg5 50. Rxa6 Bh4 51. Nd4 f3 0-1

[Event "Tradewise Gibraltar Masters 14th"]
[Site "Gibraltar"]
[Date "2016.02.01"]
[Round "7.73"]
[White "Nebolsina, Vera"]
[Black "Lazarne Vajda, Szidonia"]
[Result "1-0"]
[WhiteElo "2208"]
[BlackElo "2359"]
[PlyCount "77"]
[EventDate "2016.01.26"]
[EventType "swiss"]
[EventRounds "10"]
[EventCountry "GGB"]
[Source "www.saund.co.uk"]
[SourceDate "2005.02.07"]

1. d4 d5 2. Bf4 e6 3. e3 Bd6 4. Bg3 Nf6 5. Nd2 c5 6. c3 Nc6 7. Ngf3 cxd4 8.
exd4 Qc7 9. Bd3 Bd7 10. Qe2 h6 11. Ne5 Bxe5 12. dxe5 Ng8 13. O-O Nge7 14. c4
Qb6 15. cxd5 exd5 16. Nb3 Nb4 17. Rfd1 Nxa2 18. e6 fxe6 19. Nd4 Nb4 20. Bb1 O-O
21. Ra3 Nf5 22. Be5 a5 23. Qg4 Rf7 24. Qg6 Nc6 25. Bxf5 Nxe5 26. Qh7+ Kf8 27.
Qh8+ Ke7 28. Qxa8 Nc6 29. Bg6 Rf8 30. Nf5+ Rxf5 31. Bxf5 exf5 32. Qg8 d4 33.
Qxg7+ Kd8 34. Qg8+ Kc7 35. Qg3+ Kd8 36. Rb3 Qa6 37. Qh4+ Kc7 38. Qf4+ Kc8 39.
Rg3 1-0

[Event "Tradewise Gibraltar Masters 14th"]
[Site "Gibraltar"]
[Date "2016.02.01"]
[Round "7.74"]
[White "Foisor, Cristina Adela"]
[Black "Walton, Alan J"]
[Result "1-0"]
[WhiteElo "2338"]
[BlackElo "2206"]
[PlyCount "82"]
[EventDate "2016.01.26"]
[EventType "swiss"]
[EventRounds "10"]
[EventCountry "GGB"]
[Source "www.saund.co.uk"]
[SourceDate "2005.02.07"]

1. d4 d5 2. Bf4 Nf6 3. e3 g6 4. Nf3 Bg7 5. h3 c5 6. c3 Nc6 7. Nbd2 O-O 8. Be2
Nd7 9. O-O e5 10. dxe5 Ndxe5 11. Nb3 b6 12. Qd2 Nc4 13. Bxc4 dxc4 14. Qxd8 Rxd8
15. Nbd2 Be6 16. Rfd1 Rd3 17. Kf1 Rad8 18. Ke2 h6 19. Ne1 R3d7 20. Ne4 Bf5 21.
Rxd7 Rxd7 22. Nd2 Bd3+ 23. Nxd3 cxd3+ 24. Kd1 Na5 25. Rc1 b5 26. b4 Nb7 27. Ne4
c4 28. Bxh6 Nd6 29. Nc5 Re7 30. Bxg7 Kxg7 31. a4 bxa4 32. Ra1 Nb5 33. Nxa4 a5
34. bxa5 Ra7 35. Nc5 Rc7 36. Na4 Ra7 37. Nb2 Nxc3+ 38. Ke1 d2+ 39. Kxd2 Ne4+
40. Ke2 c3 41. Nd3 Rc7 1-0

[Event "Tradewise Gibraltar Masters 14th"]
[Site "Gibraltar"]
[Date "2016.02.01"]
[Round "7.75"]
[White "Christophe-Hayot, Romain"]
[Black "Reuben, Stewart"]
[Result "0-1"]
[WhiteElo "1824"]
[BlackElo "2047"]
[Annotator "Rudd,Jack"]
[PlyCount "94"]
[EventDate "2016.01.26"]
[EventType "swiss"]
[EventRounds "10"]
[EventCountry "GGB"]
[Source "www.saund.co.uk"]
[SourceDate "2005.02.07"]

1. e4 c5 2. Nf3 g6 3. b3 Bg7 4. e5 Nc6 5. Bb2 Qc7 6. Qe2 Nh6 7. Na3 O-O 8.
O-O-O Nf5 9. Nb5 Qa5 10. Kb1 a6 11. Na3 b5 12. g4 Nfd4 13. Nxd4 Nxd4 14. Bxd4
cxd4 15. Kb2 Bb7 16. Rg1 d6 17. f4 dxe5 18. fxe5 Rac8 19. Nb1 Rc5 20. Bg2 Rfc8
21. Rc1 Rxe5 22. Qd3 Bxg2 23. Rxg2 Rd5 24. a3 Rd6 25. h4 e5 26. Qe4 Qb6 27. d3
Qc6 28. Re1 Qxe4 29. Rxe4 f6 30. Nd2 Rd5 31. Nf3 Re8 32. h5 f5 33. gxf5 gxf5
34. Rh4 Kf8 35. h6 Bf6 36. Rh5 e4 37. Ng5 Bxg5 38. Rhxg5 e3 39. Rg8+ Ke7 40.
R2g7+ Kd8 41. Rxe8+ Kxe8 42. Rxh7 f4 43. Kc1 f3 44. Ra7 Rh5 45. h7 Kf8 46. Rxa6
Rh1+ 47. Kb2 f2 0-1

[Event "Tradewise Gibraltar Masters 14th"]
[Site "Gibraltar"]
[Date "2016.02.01"]
[Round "7.77"]
[White "Semprun Martinez, Fernando"]
[Black "Mannion, Stephen R"]
[Result "0-1"]
[WhiteElo "2178"]
[BlackElo "2334"]
[PlyCount "54"]
[EventDate "2016.01.26"]
[EventType "swiss"]
[EventRounds "10"]
[EventCountry "GGB"]
[Source "www.saund.co.uk"]
[SourceDate "2005.02.07"]

1. e4 e5 2. Nf3 Nc6 3. Bb5 a6 4. Ba4 Nf6 5. O-O Be7 6. d3 b5 7. Bb3 d6 8. a3
Be6 9. Bxe6 fxe6 10. Re1 O-O 11. Nbd2 Qe8 12. b4 Nh5 13. Nf1 Qg6 14. d4 exd4
15. e5 Nf4 16. Ng3 Nxe5 17. Nxe5 dxe5 18. Rxe5 Bd6 19. Qxd4 Bxe5 20. Qxe5 Nd5
21. Bb2 Qf6 22. Ne4 Qxe5 23. Bxe5 a5 24. Rd1 axb4 25. axb4 Ra2 26. c3 Re2 27.
f3 Rc8 0-1

[Event "Tradewise Gibraltar Masters 14th"]
[Site "Gibraltar"]
[Date "2016.02.01"]
[Round "7.78"]
[White "Zwahr, Paul"]
[Black "Tscharotschkin, Michael"]
[Result "1/2-1/2"]
[WhiteElo "2333"]
[BlackElo "2169"]
[PlyCount "60"]
[EventDate "2016.01.26"]
[EventType "swiss"]
[EventRounds "10"]
[EventCountry "GGB"]
[Source "www.saund.co.uk"]
[SourceDate "2005.02.07"]

1. e4 e6 2. d4 d5 3. Nc3 Bb4 4. e5 c5 5. a3 Bxc3+ 6. bxc3 Ne7 7. Qg4 Qc7 8.
Qxg7 Rg8 9. Qxh7 cxd4 10. Ne2 Nbc6 11. f4 Bd7 12. h4 dxc3 13. h5 O-O-O 14. Qd3
d4 15. h6 Rg6 16. h7 Rh8 17. Nxd4 Nxd4 18. Qxd4 Bc6 19. Bd3 Rxg2 20. Be3 Rg3
21. Rh6 Nd5 22. Bf2 Rg4 23. Qxa7 Nxf4 24. O-O-O Nxd3+ 25. Rxd3 Ra4 26. Qc5 Be4
27. Rdh3 Qxc5 28. Bxc5 Bf5 29. Rh1 Rg4 30. Bb4 Rg2 1/2-1/2

[Event "Tradewise Gibraltar Masters 14th"]
[Site "Gibraltar"]
[Date "2016.02.01"]
[Round "7.79"]
[White "Dougherty, Michael"]
[Black "Perez Garcia, Rodney Oscar"]
[Result "1/2-1/2"]
[WhiteElo "2149"]
[BlackElo "2332"]
[PlyCount "83"]
[EventDate "2016.01.26"]
[EventType "swiss"]
[EventRounds "10"]
[EventCountry "GGB"]
[Source "www.saund.co.uk"]
[SourceDate "2005.02.07"]

1. d4 d6 2. Nf3 Bg4 3. c4 Nd7 4. Nc3 e5 5. e3 c6 6. Be2 Be7 7. h3 Bh5 8. O-O
Ngf6 9. b4 a6 10. a3 O-O 11. Re1 Re8 12. Bb2 e4 13. Nd2 Bxe2 14. Qxe2 d5 15.
cxd5 cxd5 16. Na4 b5 17. Nc5 Nb6 18. f3 exf3 19. Qxf3 Bf8 20. e4 dxe4 21. Ndxe4
Nfd5 22. Nc3 Qh4 23. Rf1 Qxd4+ 24. Kh1 Qf6 25. Qd3 Qg6 26. Nxd5 Qxd3 27. Nf6+
gxf6 28. Nxd3 Nc4 29. Bxf6 Bg7 30. a4 Ne3 31. Rf3 Bxf6 32. Rxf6 Rad8 33. Nc5
Nc2 34. Rc1 Nxb4 35. Nxa6 Nd5 36. Rf5 bxa4 37. Nc7 Nxc7 38. Rxc7 Rf8 39. Ra7
Rd4 40. Rfa5 Re8 41. Rxa4 Rxa4 42. Rxa4 1/2-1/2

[Event "Tradewise Gibraltar Masters 14th"]
[Site "Gibraltar"]
[Date "2016.02.01"]
[Round "7.80"]
[White "Lobersli, Henrik Oie"]
[Black "Lombaers, Peter"]
[Result "1/2-1/2"]
[WhiteElo "2146"]
[BlackElo "2328"]
[PlyCount "81"]
[EventDate "2016.01.26"]
[EventType "swiss"]
[EventRounds "10"]
[EventCountry "GGB"]
[Source "www.saund.co.uk"]
[SourceDate "2005.02.07"]

1. d4 Nf6 2. c4 Nc6 3. Nf3 e6 4. g3 Bb4+ 5. Bd2 Qe7 6. Bg2 Bxd2+ 7. Nbxd2 O-O
8. O-O d6 9. e4 e5 10. d5 Nb8 11. b4 a5 12. a3 Na6 13. Qe2 Bd7 14. Rab1 axb4
15. axb4 c5 16. dxc6 bxc6 17. Ne1 Rfb8 18. Nd3 Rb6 19. c5 dxc5 20. Nc4 Rb5 21.
bxc5 Nxc5 22. Ndxe5 Be8 23. f4 Ne6 24. Nd3 Rab8 25. Rxb5 cxb5 26. Ne3 Qa7 27.
Kh1 Nd4 28. Qb2 Bc6 29. Nd5 Nxd5 30. exd5 Ba8 31. Ne5 Rd8 32. Nc6 Nxc6 33. dxc6
Qb6 34. Rc1 h6 35. c7 Bxg2+ 36. Qxg2 Rc8 37. Qc6 Qxc6+ 38. Rxc6 b4 39. Kg1 b3
40. Rb6 Rxc7 41. Rxb3 1/2-1/2

[Event "Tradewise Gibraltar Masters 14th"]
[Site "Gibraltar"]
[Date "2016.02.01"]
[Round "7.81"]
[White "Pakosta, Miroslav"]
[Black "Kharous, Ernest"]
[Result "0-1"]
[WhiteElo "2097"]
[BlackElo "2314"]
[PlyCount "72"]
[EventDate "2016.01.26"]
[EventType "swiss"]
[EventRounds "10"]
[EventCountry "GGB"]
[Source "www.saund.co.uk"]
[SourceDate "2005.02.07"]

1. e4 d6 2. d4 Nf6 3. Nc3 e5 4. dxe5 dxe5 5. Qxd8+ Kxd8 6. Bc4 Be6 7. Bxe6 fxe6
8. Bg5 Bd6 9. O-O-O Ke7 10. Nf3 a6 11. a3 Nc6 12. h3 b5 13. Nh4 Rhb8 14. f4
exf4 15. Rhf1 b4 16. axb4 Rxb4 17. Rde1 Be5 18. Nf3 Rab8 19. Nxe5 Nxe5 20. Bxf4
Nfd7 21. b3 h6 22. Bd2 R4b7 23. Na4 Rb5 24. Nc3 Rc5 25. Kd1 Rd8 26. Ke2 Nc6 27.
Rc1 Nf6 28. Ke3 Re5 29. Rcd1 Nb4 30. Kf4 g5+ 31. Kf3 Nxc2 32. Na2 Nxe4 33. Ba5
Rf8+ 34. Kg4 Ne3+ 35. Kh5 Rxf1 36. Bb4+ c5 0-1

[Event "Tradewise Gibraltar Masters 14th"]
[Site "Gibraltar"]
[Date "2016.02.01"]
[Round "7.82"]
[White "De Haan, Eric"]
[Black "Veltkamp, Gerben"]
[Result "1/2-1/2"]
[WhiteElo "2313"]
[BlackElo "2135"]
[PlyCount "32"]
[EventDate "2016.01.26"]
[EventType "swiss"]
[EventRounds "10"]
[EventCountry "GGB"]
[Source "www.saund.co.uk"]
[SourceDate "2005.02.07"]

1. e4 e5 2. f4 exf4 3. Nc3 Qh4+ 4. Ke2 d5 5. Nxd5 Bg4+ 6. Nf3 Nc6 7. Nxc7+ Kd8
8. Nxa8 Ne5 9. h3 Bxf3+ 10. gxf3 Qg3 11. d4 Qxf3+ 12. Ke1 Qg3+ 13. Ke2 Qf3+ 14.
Ke1 Qg3+ 15. Ke2 Qf3+ 16. Ke1 Qg3+ 1/2-1/2

[Event "Tradewise Gibraltar Masters 14th"]
[Site "Gibraltar"]
[Date "2016.02.01"]
[Round "7.83"]
[White "Ripari, Marcelo"]
[Black "Burrows, Martin P"]
[Result "1/2-1/2"]
[WhiteElo "2310"]
[BlackElo "2115"]
[PlyCount "40"]
[EventDate "2016.01.26"]
[EventType "swiss"]
[EventRounds "10"]
[EventCountry "GGB"]
[Source "www.saund.co.uk"]
[SourceDate "2005.02.07"]

1. e4 c5 2. Nf3 d6 3. Bb5+ Nd7 4. O-O Ngf6 5. Re1 a6 6. Bxd7+ Bxd7 7. e5 dxe5
8. Nxe5 e6 9. b3 Be7 10. Bb2 O-O 11. a4 b6 12. d3 Qc7 13. Qf3 Rac8 14. Nd2 Bc6
15. Qg3 Bb7 16. Ndc4 Nh5 17. Qg4 Nf6 18. Qg3 Nh5 19. Qg4 Nf6 20. Qg3 Nh5
1/2-1/2

[Event "Tradewise Gibraltar Masters 14th"]
[Site "Gibraltar"]
[Date "2016.02.01"]
[Round "7.84"]
[White "Bergstrom, Rolf"]
[Black "Pabalan, Rocky"]
[Result "1-0"]
[WhiteElo "2297"]
[BlackElo "2089"]
[PlyCount "137"]
[EventDate "2016.01.26"]
[EventType "swiss"]
[EventRounds "10"]
[EventCountry "GGB"]
[Source "www.saund.co.uk"]
[SourceDate "2005.02.07"]

1. e4 c5 2. Nf3 g6 3. Bc4 Bg7 4. c3 e6 5. O-O Ne7 6. d4 d5 7. exd5 exd5 8. Bb5+
Bd7 9. Bxd7+ Nxd7 10. Bg5 f6 11. Bf4 c4 12. Re1 O-O 13. Qe2 Rf7 14. Na3 g5 15.
Bxg5 fxg5 16. Nxg5 Nf8 17. Nxf7 Kxf7 18. Nc2 a5 19. Ne3 Ra6 20. f4 Nfg6 21. Rf1
Kg8 22. f5 Nf8 23. Ng4 Nd7 24. Rae1 Kf8 25. Rf3 Nf6 26. Nf2 Nc8 27. g4 h6 28.
h4 Nd6 29. g5 hxg5 30. hxg5 Nfe4 31. f6 Kg8 32. fxg7 Qxg5+ 33. Kh2 Nf5 34. Nxe4
Rh6+ 35. Rh3 Qf4+ 36. Kg2 Rg6+ 37. Ng3 Rxg3+ 38. Rxg3 Qxg3+ 39. Kf1 Qh3+ 40.
Kg1 Qg3+ 41. Kf1 Qh3+ 42. Qg2 Ne3+ 43. Rxe3 Qxe3 44. Qxd5+ Kxg7 45. Qxb7+ Kf6
46. Qa6+ Kg5 47. Qxa5+ Kg4 48. Qe5 Qf3+ 49. Ke1 Qh1+ 50. Kd2 Qb1 51. Qe6+ Kf3
52. Qf7+ Kg3 53. Qxc4 Qxb2+ 54. Ke3 Qc1+ 55. Ke4 Qh1+ 56. Ke5 Qh7 57. d5 Qe7+
58. Kd4 Qa7+ 59. Kd3 Qb6 60. Qc6 Qb1+ 61. Kd4 Qg1+ 62. Ke5 Qe3+ 63. Kd6 Qh6+
64. Kd7 Qg7+ 65. Kc8 Qf8+ 66. Kb7 Kf4 67. d6 Ke5 68. d7 Qf7 69. Qc7+ 1-0

[Event "Tradewise Gibraltar Masters 14th"]
[Site "Gibraltar"]
[Date "2016.02.01"]
[Round "7.85"]
[White "De Rosa, Mariagrazia"]
[Black "Pratyusha, Bodda"]
[Result "0-1"]
[WhiteElo "2088"]
[BlackElo "2278"]
[PlyCount "74"]
[EventDate "2016.01.26"]
[EventType "swiss"]
[EventRounds "10"]
[EventCountry "GGB"]
[Source "www.saund.co.uk"]
[SourceDate "2005.02.07"]

1. e4 c5 2. Nf3 e6 3. d4 cxd4 4. Nxd4 Nc6 5. Nc3 Qc7 6. Be3 a6 7. Qd2 Nf6 8.
O-O-O Bb4 9. Nxc6 Qxc6 10. f3 b5 11. Qd4 Bxc3 12. Qxc3 Qxc3 13. bxc3 Bb7 14. c4
bxc4 15. Bxc4 d5 16. exd5 Bxd5 17. Bb3 O-O 18. Bg5 Bxb3 19. axb3 Nd5 20. Rd4
Rfc8 21. Kb2 Rc6 22. Rhd1 f6 23. Bd2 Rb8 24. c4 Nb6 25. Kc3 a5 26. Ra1 e5 27.
Re4 a4 28. bxa4 f5 29. Rxe5 Nxc4 30. Re7 Nb2+ 31. Kd4 Rd8+ 32. Ke5 Rxd2 33.
Kxf5 Rf6+ 34. Kg4 Rxg2+ 35. Kh3 Rg5 36. Kh4 h6 37. a5 Nd3 0-1

[Event "Tradewise Gibraltar Masters 14th"]
[Site "Gibraltar"]
[Date "2016.02.01"]
[Round "7.86"]
[White "Sanchez Jerez, Emilio Miguel"]
[Black "Dasaolu, Rotimi"]
[Result "1-0"]
[WhiteElo "2265"]
[BlackElo "2060"]
[Annotator "Rudd,Jack"]
[PlyCount "49"]
[EventDate "2016.01.26"]
[EventType "swiss"]
[EventRounds "10"]
[EventCountry "GGB"]
[Source "www.saund.co.uk"]
[SourceDate "2005.02.07"]

1. e4 c5 2. Nc3 Nc6 3. Nge2 e6 4. d4 cxd4 5. Nxd4 d6 6. g3 a6 7. Bg2 Qc7 8. O-O
Nf6 9. a4 Be7 10. Nb3 b6 11. f4 Bb7 12. Be3 O-O 13. g4 Rfd8 14. g5 Nd7 15. Rf3
Rac8 16. Rh3 Nf8 17. Qd2 Nb4 18. Qf2 Nd7 19. Nd4 Nc6 20. Rf1 Na5 21. f5 e5 22.
f6 gxf6 23. Nf5 Re8 24. Nxe7+ Rxe7 25. gxf6 1-0

[Event "Tradewise Gibraltar Masters 14th"]
[Site "Gibraltar"]
[Date "2016.02.01"]
[Round "7.87"]
[White "Kozarcanin, Sead"]
[Black "Gavilan Diaz, Mario"]
[Result "1/2-1/2"]
[WhiteElo "2073"]
[BlackElo "2261"]
[PlyCount "171"]
[EventDate "2016.01.26"]
[EventType "swiss"]
[EventRounds "10"]
[EventCountry "GGB"]
[Source "www.saund.co.uk"]
[SourceDate "2005.02.07"]

1. Nf3 Nc6 2. e4 e5 3. Bc4 Nf6 4. Ng5 d5 5. exd5 Na5 6. Bb5+ c6 7. dxc6 bxc6 8.
Be2 h6 9. Nh3 Bc5 10. d3 O-O 11. Nc3 Rb8 12. O-O Bf5 13. Kh1 Qd7 14. Ng1 Ng4
15. Ne4 Be7 16. Bd2 Nb7 17. Bc3 Qe6 18. Ng3 Nf6 19. Nf3 Bd6 20. Nxf5 Qxf5 21.
Nd2 Nd5 22. Bf3 Bc7 23. Nc4 Nc5 24. Bxe5 Bxe5 25. Nxe5 Qxe5 26. d4 Qf5 27. dxc5
Rxb2 28. Qd3 Qe5 29. Rae1 Qg5 30. Bxd5 cxd5 31. a3 Rc8 32. h3 Rbb8 33. f4 Qd8
34. f5 Rxc5 35. f6 g6 36. Re7 a5 37. Qd2 Qf8 38. Rfe1 Rc6 39. Qxa5 Rxf6 40.
Qxd5 Rf1+ 41. Rxf1 Qxe7 42. a4 Rb2 43. Rd1 Rxc2 44. Qd8+ Qxd8 45. Rxd8+ Kg7 46.
a5 Ra2 47. Ra8 h5 48. h4 Kf6 49. Kh2 Kf5 50. Kh3 Ra3+ 51. Kh2 Kg4 52. Rf8 Rxa5
53. Rxf7 Kxh4 54. Rf4+ Kg5 55. g3 Rf5 56. Ra4 Re5 57. Kg2 Kf5 58. Rf4+ Kg5 59.
Ra4 Rb5 60. Rf4 Rb2+ 61. Kf3 Ra2 62. Rb4 Ra5 63. Kg2 Rd5 64. Ra4 Kf6 65. Rf4+
Rf5 66. Ra4 g5 67. g4 hxg4 68. Rxg4 Kg6 69. Ra4 Rb5 70. Ra3 Kh5 71. Kg3 Rb1 72.
Rc3 Rg1+ 73. Kh2 Rg4 74. Ra3 Rb4 75. Kg3 Rf4 76. Ra8 Rg4+ 77. Kh3 Rb4 78. Rh8+
Kg6 79. Rg8+ Kf5 80. Rf8+ Ke5 81. Re8+ Kf4 82. Rf8+ Ke3 83. Kg3 g4 84. Rg8 Ra4
85. Rxg4 Rxg4+ 86. Kxg4 1/2-1/2

[Event "Tradewise Gibraltar Masters 14th"]
[Site "Gibraltar"]
[Date "2016.02.01"]
[Round "7.88"]
[White "Cordes, Hans-Joerg"]
[Black "Myall, Ivan J"]
[Result "1-0"]
[WhiteElo "2257"]
[BlackElo "2049"]
[Annotator "Rudd,Jack"]
[PlyCount "65"]
[EventDate "2016.01.26"]
[EventType "swiss"]
[EventRounds "10"]
[EventCountry "GGB"]
[Source "www.saund.co.uk"]
[SourceDate "2005.02.07"]

1. d4 Nf6 2. c4 e6 3. Nc3 Bb4 4. Qc2 O-O 5. Nf3 b6 6. e4 d5 7. e5 Ne4 8. Bd3 f5
9. exf6 Nxf6 10. Bg5 Bxc3+ 11. bxc3 h6 12. Bh4 Qd6 13. Ne5 Ba6 14. O-O dxc4 15.
Bg6 Nbd7 16. Rfe1 b5 17. Re3 Bb7 18. Rae1 Qd5 19. Nf3 e5 20. dxe5 Ng4 21. Be4
Qe6 22. Bxb7 Nxe3 23. Rxe3 Rab8 24. Qe4 Nb6 25. Nd4 Qe8 26. Bc6 Qh5 27. f3 b4
28. cxb4 Nc8 29. b5 g5 30. Bg3 Ne7 31. Bd7 Kh8 32. e6 Kg8 33. Bxc7 1-0

[Event "Tradewise Gibraltar Masters 14th"]
[Site "Gibraltar"]
[Date "2016.02.01"]
[Round "7.89"]
[White "Menna Barreto, Felipe Kubiaki"]
[Black "Darnell, Anton"]
[Result "1/2-1/2"]
[WhiteElo "2247"]
[BlackElo "1979"]
[PlyCount "132"]
[EventDate "2016.01.26"]
[EventType "swiss"]
[EventRounds "10"]
[EventCountry "GGB"]
[Source "www.saund.co.uk"]
[SourceDate "2005.02.07"]

1. Nf3 Nf6 2. d4 d5 3. Bg5 Ne4 4. Bf4 Bf5 5. e3 e6 6. h3 Bd6 7. Bxd6 Qxd6 8. c3
O-O 9. Nbd2 Nd7 10. Nh4 Nxd2 11. Qxd2 Nf6 12. f3 Qg3+ 13. Qf2 Qxf2+ 14. Kxf2
Bg6 15. g4 Nd7 16. Nxg6 hxg6 17. c4 c6 18. Bd3 dxc4 19. Bxc4 e5 20. dxe5 Nxe5
21. Be2 Rfd8 22. Rad1 g5 23. h4 gxh4 24. f4 Nd7 25. Rxh4 Nc5 26. Rdh1 Kf8 27.
Kf3 Ke7 28. Rh7 Ne6 29. Bc4 Rg8 30. g5 b5 31. Bxe6 fxe6 32. Rd1 c5 33. e4 a5
34. f5 exf5 35. exf5 Ra7 36. Rd5 Rc7 37. Kf4 Kf7 38. g6+ Ke7 39. Ke5 Rc6 40. a3
b4 41. axb4 axb4 42. b3 Re8 43. Rh4 Rec8 44. Rc4 R8c7 45. Rc1 c4 46. Rxc4 Rxc4
47. bxc4 Rxc4 48. Rb5 Rc7 49. Rxb4 Rc5+ 50. Kf4 Rc1 51. Rb7+ Kf8 52. Rb8+ Ke7
53. Rg8 Rf1+ 54. Ke4 Kf6 55. Rf8+ Kg5 56. Rf7 Ra1 57. Ke5 Ra6 58. Rxg7 Ra5+ 59.
Ke6 Rxf5 60. Rf7 Ra5 61. g7 Ra6+ 62. Ke7 Ra7+ 63. Kd6 Ra6+ 64. Ke5 Rg6 65. Rf5+
Kh6 66. Rf6 Kxg7 1/2-1/2

[Event "Tradewise Gibraltar Masters 14th"]
[Site "Gibraltar"]
[Date "2016.02.01"]
[Round "7.90"]
[White "Houska, Jovanka"]
[Black "Nordquelle, Daniel"]
[Result "1-0"]
[WhiteElo "2402"]
[BlackElo "2102"]
[PlyCount "117"]
[EventDate "2016.01.26"]
[EventType "swiss"]
[EventRounds "10"]
[EventCountry "GGB"]
[Source "www.saund.co.uk"]
[SourceDate "2005.02.07"]

1. d4 Nf6 2. Nf3 c5 3. d5 e6 4. c4 exd5 5. cxd5 d6 6. Nc3 g6 7. h3 Bg7 8. e4
O-O 9. Bd3 Nbd7 10. O-O a6 11. a4 Rb8 12. Bf4 Ne8 13. Re1 Qe7 14. Nd2 b5 15.
axb5 axb5 16. Nxb5 Bxb2 17. Ra7 Qf6 18. Bh6 Ng7 19. Bf1 g5 20. Bxg7 Kxg7 21.
Re3 Ne5 22. Nf3 Nxf3+ 23. Rxf3 Qg6 24. Rb3 Be5 25. g3 Qxe4 26. Nc3 Bxc3 27.
Rxb8 Bd4 28. Bg2 Qe5 29. Raa8 Re8 30. Rxc8 Bxf2+ 31. Kxf2 Rxc8 32. Rxc8 Qf5+
33. Qf3 Qxc8 34. g4 Qa6 35. Qc3+ f6 36. Qe3 Qb7 37. Be4 Qb2+ 38. Qe2 Qd4+ 39.
Kf3 Qe5 40. Kg2 h6 41. Bf3 Qxe2+ 42. Bxe2 f5 43. gxf5 Kf6 44. Bg4 h5 45. Bxh5
Kxf5 46. Kf3 Ke5 47. Bf7 Kd4 48. Kg4 c4 49. Kxg5 c3 50. Bg6 Kxd5 51. Kf6 Kc4
52. h4 d5 53. h5 d4 54. h6 d3 55. h7 c2 56. h8=Q Kb3 57. Qb8+ Kc3 58. Qe5+ Kb3
59. Qa1 1-0

[Event "Tradewise Gibraltar Masters 14th"]
[Site "Gibraltar"]
[Date "2016.02.01"]
[Round "7.90"]
[White "Vuilleumier, Alexandre"]
[Black "Compton, Alistair"]
[Result "1-0"]
[WhiteElo "2356"]
[BlackElo "2094"]
[PlyCount "63"]
[EventDate "2016.01.26"]
[EventType "swiss"]
[EventRounds "10"]
[EventCountry "GGB"]
[Source "www.saund.co.uk"]
[SourceDate "2005.02.07"]

1. e4 e6 2. d4 d5 3. Nc3 Nf6 4. e5 Nfd7 5. f4 c5 6. Nf3 Nc6 7. Be3 Qb6 8. Na4
Qa5+ 9. c3 cxd4 10. b4 Qc7 11. Nxd4 a6 12. Bd3 b5 13. Nb2 Ncxe5 14. O-O Nxd3
15. Nxd3 Bd6 16. a4 bxa4 17. Qxa4 O-O 18. Nb5 Qc4 19. Nxd6 Qxd3 20. Bd4 Nf6 21.
Bxf6 Qe3+ 22. Kh1 gxf6 23. Rf3 Qa7 24. Rg3+ Kh8 25. b5 Qe7 26. Qd1 Rg8 27. Nxc8
Raxc8 28. bxa6 Rxg3 29. hxg3 Rc7 30. Rb1 f5 31. Qd4+ f6 32. Qb4 1-0

[Event "Tradewise Gibraltar Masters 14th"]
[Site "Gibraltar"]
[Date "2016.02.01"]
[Round "7.92"]
[White "Arakhamia-Grant, Ketevan"]
[Black "Havik, Victor"]
[Result "1-0"]
[WhiteElo "2346"]
[BlackElo "2092"]
[PlyCount "121"]
[EventDate "2016.01.26"]
[EventType "swiss"]
[EventRounds "10"]
[EventCountry "GGB"]
[Source "www.saund.co.uk"]
[SourceDate "2005.02.07"]

1. e4 e5 2. Nf3 Nc6 3. Bb5 a6 4. Ba4 Nf6 5. O-O Be7 6. Re1 b5 7. Bb3 d6 8. c3
O-O 9. h3 Na5 10. Bc2 c5 11. d4 Qc7 12. Nbd2 Bd7 13. Nf1 Rfc8 14. Ne3 Bf8 15.
b3 c4 16. b4 Nb7 17. a4 a5 18. axb5 axb4 19. Rxa8 Rxa8 20. cxb4 Bxb5 21. Nf5
Ra1 22. Qd2 Ra2 23. Qc3 Nd8 24. Bb1 Ra6 25. d5 Nd7 26. g4 g6 27. Nh6+ Bxh6 28.
Bxh6 f6 29. Be3 Ra8 30. Kh2 Nf7 31. Rc1 Qb7 32. Nd2 Nb6 33. Qc2 Rc8 34. Ba2 c3
35. Nb1 Qa6 36. Bb3 Bd3 37. Qa2 Qxa2 38. Bxa2 Bxb1 39. Bxb1 Na4 40. Bc2 Nb2 41.
Ra1 Rb8 42. Ra3 Nc4 43. Rb3 Nxe3 44. fxe3 Kf8 45. Kg3 Ke7 46. Kf3 Kd7 47. Ke2
Nd8 48. Kd3 Rb6 49. Kxc3 Kc7 50. Ra3 Kb7 51. Bd3 Kb8 52. Ra1 Rb7 53. Kb3 Ra7
54. Rf1 Rf7 55. Rf2 Ka8 56. Ka4 Ra7+ 57. Kb5 Rf7 58. Ra2+ Ra7 59. Ra6 Rxa6 60.
Kxa6 Kb8 61. Kb6 1-0

[Event "Tradewise Gibraltar Masters 14th"]
[Site "Gibraltar"]
[Date "2016.02.01"]
[Round "7.93"]
[White "Hagesaether, Arne"]
[Black "Tate, Alan"]
[Result "0-1"]
[WhiteElo "2086"]
[BlackElo "2345"]
[PlyCount "62"]
[EventDate "2016.01.26"]
[EventType "swiss"]
[EventRounds "10"]
[EventCountry "GGB"]
[Source "www.saund.co.uk"]
[SourceDate "2005.02.07"]

1. e4 e5 2. Nf3 Nc6 3. d4 exd4 4. Nxd4 Nf6 5. Nxc6 bxc6 6. e5 Qe7 7. Qe2 Nd5 8.
c4 Nb6 9. Nd2 Qe6 10. b3 a5 11. g3 a4 12. Bb2 Bb4 13. O-O-O axb3 14. axb3 O-O
15. Qh5 Ra2 16. Bh3 Qe7 17. Ne4 d5 18. Nf6+ gxf6 19. Bxc8 fxe5 20. Bf5 f6 21.
Kb1 Rfa8 22. f4 dxc4 23. Rd8+ Rxd8 24. Kxa2 c3 25. Ba1 Rd2+ 26. Kb1 e4 27. Re1
e3 28. Qg4+ Kf8 29. Bc2 Rxc2 30. Qf3 Rf2 31. Qxc6 c2+ 0-1

[Event "Tradewise Gibraltar Masters 14th"]
[Site "Gibraltar"]
[Date "2016.02.01"]
[Round "7.94"]
[White "Hamer, Martyn"]
[Black "Watson, John L"]
[Result "1/2-1/2"]
[WhiteElo "2058"]
[BlackElo "2277"]
[PlyCount "74"]
[EventDate "2016.01.26"]
[EventType "swiss"]
[EventRounds "10"]
[EventCountry "GGB"]
[Source "www.saund.co.uk"]
[SourceDate "2005.02.07"]

1. Nf3 Nf6 2. c4 g6 3. g3 Bg7 4. Bg2 O-O 5. O-O d6 6. d4 c6 7. Nc3 Qa5 8. e4
Nbd7 9. Rb1 e5 10. d5 Qa6 11. Re1 Qxc4 12. Bf1 Qb4 13. a3 Qb6 14. Be3 Qc7 15.
dxc6 bxc6 16. Rc1 Qb8 17. b4 Bb7 18. b5 cxb5 19. Nxb5 Nxe4 20. Nc7 d5 21. Nxd5
Rd8 22. Ne7+ Kh8 23. Nc6 Bxc6 24. Rxc6 f5 25. Qc2 Nb6 26. Ba6 Rd6 27. Ng5 Nxg5
28. Bxg5 Rxc6 29. Qxc6 Qe8 30. Qb7 Qd7 31. Qxd7 Nxd7 32. Rc1 e4 33. Rc7 Ne5 34.
Be3 Nf3+ 35. Kg2 Bd4 36. Bh6 Rd8 37. a4 Ne1+ 1/2-1/2